Guía para la determinación de costos de prestación del servicio eléctrico en las zonas no interconectadas ZNI : (Registro nro. 8013)
[ vista simple ]
| 000 -LEADER | |
|---|---|
| fixed length control field | 01134nam a2200229Ia 4500 |
| 003 - CONTROL NUMBER IDENTIFIER | |
| control field | OSt |
| 005 - DATE AND TIME OF LATEST TRANSACTION | |
| control field | 20210613193912.0 |
| 008 - FIXED-LENGTH DATA ELEMENTS--GENERAL INFORMATION | |
| fixed length control field | 210310s2008 ck adb gr 000 0 spa d |
| 040 ## - CATALOGING SOURCE | |
| Original cataloging agency | CO-JMCR |
| Transcribing agency | CO-JMCR |
| 041 0# - LANGUAGE CODE | |
| Language code of text/sound track or separate title | spa |
| 082 04 - DEWEY DECIMAL CLASSIFICATION NUMBER | |
| Classification number | 333.7493 / |
| Item number | C733g |
| Edition number | 23 |
| 110 2# - MAIN ENTRY--CORPORATE NAME | |
| Corporate name or jurisdiction name as entry element | Colombia. |
| Subordinate unit | Comisión de Regulación de Energía y Gas |
| 9 (RLIN) | 38356 |
| 245 10 - TITLE STATEMENT | |
| Title | Guía para la determinación de costos de prestación del servicio eléctrico en las zonas no interconectadas ZNI : |
| Remainder of title | Resolución CREG 091 de 2007 / |
| Statement of responsibility, etc. | Comisión de Regulación de Energía y Gas |
| 260 ## - PUBLICATION, DISTRIBUTION, ETC. | |
| Place of publication, distribution, etc. | Bogotá : |
| Name of publisher, distributor, etc. | Comisión de Regulación de Energía y Gas, |
| Date of publication, distribution, etc. | 2008 |
| 300 ## - PHYSICAL DESCRIPTION | |
| Extent | 130 páginas : |
| Other physical details | ilustraciones, gráficas y mapas a color ; |
| Dimensions | 28 cm. |
| 500 ## - GENERAL NOTE | |
| General note | Incluye glosario. |
| 505 0# - FORMATTED CONTENTS NOTE | |
| Formatted contents note | Metodología de cálculo de la remuneración por actividad -- Metodología de cálculo del costo unitario de la prestación del servicio -- Ejemplos de cálculos de costos unitarios de prestación del servicio |
| 650 14 - SUBJECT ADDED ENTRY--TOPICAL TERM | |
| Topical term or geographic name entry element | Energía eléctrica |
| 9 (RLIN) | 16085 |
| General subdivision | Costos |
| 650 24 - SUBJECT ADDED ENTRY--TOPICAL TERM | |
| Topical term or geographic name entry element | Servicios públicos |
| General subdivision | Costos |
| 9 (RLIN) | 38357 |
| 650 24 - SUBJECT ADDED ENTRY--TOPICAL TERM | |
| Topical term or geographic name entry element | Generación de energía |
| General subdivision | Costos |
| 9 (RLIN) | 38358 |
| 942 ## - ADDED ENTRY ELEMENTS (KOHA) | |
| Source of classification or shelving scheme | Dewey Decimal Classification |
| Koha item type | Books |
| Withdrawn status | Lost status | Source of classification or shelving scheme | Damaged status | Not for loan | Collection code | Home library | Current library | Date acquired | Source of acquisition | Full call number | Barcode | Date last seen | Copy number | Koha item type |
|---|---|---|---|---|---|---|---|---|---|---|---|---|---|---|
| Dewey Decimal Classification | Non-fiction | Biblioteca Pública José María del Castillo y Rada | Biblioteca Pública José María del Castillo y Rada | 04/15/2018 | Donación | 333.7493 / C733g | 430003675 | 05/16/2024 | Ej.1 | Books |